00951nam a22002537a 4500001000500000005001700005020001800022040002900040082000800069100001600077245012400093250006200217260004800279300002200327505000700349520022200356521002600578521001700604650000800621650001000629650001000639650001600649700003200665209720250508145233.0 a9781447299592 aFISKHbengcFISKHdFISKH a514 aDale, Jenny aMerlin the magic puppy /cby Jenny Dale Illustrated by Susan Hellard A Working Partners Book MACMILLAN CHILDREN'S BOOKS aThis edition published 2015 by Macmillan Children's Books aLondon :bMacmillan Children's Books,c2000 a60 pages :c19 cm aM  aMerlin is very cross. Steven his owner is too busy practising magic tricks to take much notice of his lonely puppy. Merlin is going to try everything he can think of to get some attention and that might include magic. a600 bLexile estimate aM bRaz-Plus aDog aMagic aPuppy aMagic trick aHillard, SusaneIllustrator